Delhi between two empires, 1803-1931: society, government and urban growth (Record no. 345291)

000 -LEADER
fixed length control field 00396cam a22001217a 4500
008 - FIXED-LENGTH DATA ELEMENTS--GENERAL INFORMATION
fixed length control field 180718b1981 xxu||||| |||| 00| 0 eng d
082 ## - DEWEY DECIMAL CLASSIFICATION NUMBER
Classification number J71x5461 G959
100 ## - MAIN ENTRY--PERSONAL NAME
Personal name Gupta, Narayani
245 ## - TITLE STATEMENT
Title Delhi between two empires, 1803-1931: society, government and urban growth
Statement of responsibility, etc. by Narayani Gupta
260 ## - PUBLICATION, DISTRIBUTION, ETC.
Place of publication, distribution, etc. Delhi
Name of publisher, distributor, etc. Oxford University Press
Date of publication, distribution, etc. 1981
300 ## - PHYSICAL DESCRIPTION
Extent 260p.
650 ## - SUBJECT ADDED ENTRY--TOPICAL TERM
Topical term or geographic name entry element Delhi (India) --History
Holdings
Withdrawn status Lost status Damaged status Not for loan Permanent Location Current Location Date acquired Full call number Barcode Date last seen Price effective from Koha item type
        Indian Institute of Public Administration Indian Institute of Public Administration 1993-10-07 J71x5461 G959 57108 2018-07-21 2018-07-21 Book

Powered by Koha